000 00792nam a22002537a 4500
001 AUWbook033508
003 BDCtgAUW
005 20260513211533.0
008 260423b ja ||||| |||| 00| 0 jpn d
020 _a9784872176421
040 _aBDCtgAUW
_cBDCtgAUW
_dBDCtgAUW
050 0 4 _aPL539
_b.H37 2007
100 1 _aHashizume, Akiko
_eauthor.
_959454
245 1 0 _aJapanese graded readers :
_blevel 2, vol. 2, part 7 /
_cAkiko Hashizume.
260 _a Japan :
_bAsk publishing,
_c2007.
300 _a21pages :
_bpictures;
_c22cm.
362 _aVol.2
490 1 _aNihongo yomuyomu bunko.
500 _aJapanese language.
650 4 _a Japanese language
_xConversation and phrase books.
830 0 _aNihongo yomuyomu bunko.
_991690
887 _28
_aPapia Akter
942 _2lcc
_cBK
_n0
999 _c18681
_d18681
888 _28